| 000 | 00000nam##2200000za#4500 |
| 001 | 9.648281 |
| 003 | CaOODSP |
| 005 | 20210615113022 |
| 007 | ta |
| 008 | 150407|2000||||xxc||||| f|0| 0 eng|d |
| 020 | |a0-662-30943-X |
| 040 | |aCaOODSP|beng |
| 043 | |an-cn--- |
| 086 | 1 |aM92-232/2000E |
| 110 | 1 |aCanada.|bNatural Resources Canada. |bEnergy Sector. |
| 245 | 10|aHeating your building with solar energy : |befficient, simple and cost effective |
| 260 | |aOttawa - Ontario : |bNatural Resources Canada. |c2000. |
| 300 | |a5p. : |bcoloured illus. ; |c28 cm. |
| 563 | |aSoftcover |
| 590 | |a01-38|b2001-09-21 |
| 690 | 07|aSolar energy|2gcpds |
| 775 | 08|tChauffer votre immeuble avec l'énergie solaire : |w(CaOODSP)9.681587 |
| 776 | 0#|tHeating your building with solar energy : |w(CaOODSP)9.695439 |